| 000 | 00725nam a2200205 4500 | ||
|---|---|---|---|
| 999 |
_c3688 _d3688 |
||
| 008 | 160804b xxu||||| |||| 00| 0 eng d | ||
| 022 | _a00014826 | ||
| 082 | _aDPer 657.05 Ac27 Nov 2015 v. 90, n. 6 | ||
| 100 |
_912278 _aChen, Yangyang |
||
| 243 | _a | ||
| 245 |
_aExecutives equity risk-talking incentives and audit pricing/ _cYangyang Chen and three others. |
||
| 260 |
_aSarasota, Florida: _bAmerican Accounting Association, _c©2015. |
||
| 300 |
_av90 n6, pages 2205-2234; _c26 cm. |
||
| 500 | _aThe Accounting Review. | ||
| 650 | 0 |
_919412 _aAuditing |
|
| 700 |
_912282 _aGul, Ferdinand A. _eAuthor |
||
| 700 |
_912283 _aVeeraraghavan, Madhu _eAuthor |
||
| 700 |
_912284 _aZolotoy, Leon _eAuthor |
||
| 942 |
_2ddc _cPER |
||